Ładuje się......
Design and analysis of scientific experiments : An introduction with some emphasis on computation /
| 1. autor: | |
|---|---|
| Język: | Undetermined |
| Wydane: |
1967.
|
| LEADER | 00444nam a2200121Ia 4500 | ||
|---|---|---|---|
| 001 | 14465 | ||
| 008 | 170722s9999 xx 000 0 und d | ||
| 100 | |a Peng, K. C. | ||
| 245 | |a Design and analysis of scientific experiments : |b An introduction with some emphasis on computation / | ||
| 260 | |c 1967. | ||
| 942 | |c GEN | ||
| 999 | |c 77879 |d 77879 | ||
| 952 | |0 1 |1 0 |4 0 |6 B_288_000000000000000_K73 |7 0 |9 109651 |a LIB |b LIB |d 2013-03-25 |o B288 K73 |p 131498 |r 2017-08-12 |w 2017-08-12 |y GEN | ||